| 000 | 00679nam a2200193Ii 4500 | ||
|---|---|---|---|
| 003 | JO-AjNU | ||
| 008 | 230606s9999||||xx |||||||||||||| ||und|| | ||
| 040 |
_aJO-AjNU _beng _erda _cJO-AjNU |
||
| 041 | _aeng | ||
| 050 | 1 | 4 | _aRA410.65 2008 |
| 100 | 3 |
_aد .م, _eauthor _94821 |
|
| 245 | 0 | 0 | _aتمويل الخدمات الصحية والطبية في المستشفيات العربية باللغة الانجليزية |
| 264 | 3 | 1 | _aالقاهرة :المنظمة العربية ،2008 |
| 300 | _a434p | ||
| 336 |
_atext _btxt _2rdacontent |
||
| 337 |
_aunmediated _bn _2rdamedia |
||
| 338 |
_avolume _bnc _2rdacarrier |
||
| 650 | 4 |
_aالخدمات الصحية-تمويل _94822 |
|
| 999 |
_aE2496 _c2494 _d2494 |
||